000
00253nam a22001097a 4500
082
_a
920/KHA
100
_a
Khandekar,Dr.Roopmati
_9
83294
245
_a
Hemu Vikramaditya
260
_a
Delhi
_b
Bhairavi Publisher
_c
2022
650
_a
Biography
942
_c
BK
999
_c
68142
_d
68142